000 00300nam a2200121Ia 4500
008 241002s9999 xx 000 0 und d
082 _a910.91 JAS
100 _aJasper,Stembridge De
245 4 _aThe world a general regional geography
260 _aLondon:
_c1971
600 _aHistory
942 _cUC
999 _c19004
_d19004